Loading...
Social Science | 0 | 3 | 1 | 1 | 25 | 76 | 93.33 | 0 | 2 |
Science - Physics | 0 | 2 | 0 | 0 | 20 | 93 | 112.00 | 0 | 1 |
Science - Other Science | 0 | 2 | 0 | 0 | 20 | 95 | 99.50 | 1 | 1 |
History - American History | 0 | 2 | 0 | 1 | 20 | 77 | 95.50 | 0 | 2 |
Fine Arts - Other Fine Arts | 0 | 2 | 0 | 0 | 20 | 95 | 108.00 | 0 | 2 |
Other Academic | 1 | 0 | 0 | 0 | 15 | 53 | 53.00 | 1 | 1 |
History - Other History | 1 | 0 | 0 | 0 | 15 | 67 | 67.00 | 0 | 1 |
Science - Chemistry | 0 | 1 | 0 | 1 | 10 | 136 | 136.00 | 0 | 0 |
Current Events | 0 | 1 | 0 | 0 | 10 | 89 | 89.00 | 1 | 1 |
History - World History | 0 | 1 | 1 | 0 | 5 | 67 | 67.00 | 0 | 1 |
Science - Biology | 0 | 0 | 0 | 0 | 0 | 0.00 | 0 | 0 |